Statistics for All of Ash Ketchum's Sinnoh Pokémon.

Click here to take the quiz!

General Stats

  • This quiz has been taken 35 times
  • The average score is 7 of 8

Answer Stats

TypeAnswer% Correct
Electric.Pikachu
100%
Water.Buizel
93%
Dragon/Ground.Gible
93%
Ground/Flying.Gliscor
93%
Fire/Fighting.Infernape
93%
Normal/Flying.Staraptor
93%
Grass/Ground.Torterra
93%
He traded this Normal-Type Pokémon to Dawn.Aipom.
90%

Score Distribution

Percentile by Number Answered

Percent of People with Each Score

Your Score History

You have not taken this quiz